Datum a čas kvízu
25.5
Celkem bodů
Celkový počet nahraných bodů na tomto kvízu bez doplňovacích otázek.
6.
Pořadí na kvízu
Konečné umístění týmu na tomto kvízu.
Zaznamenané odpovědi
| # | Otázka | Odpověď | Body | Výsledky |
|---|---|---|---|---|
| 1. | V Praze minulý týden skončila... | Negrelliho viadukt | 0 | |
| 2. | V sobotu začala nová epocha do... | Crew Dragon | 1 | |
| 3. | V neděli se konalo finále pěve... | Monika Bagárová | 1 | |
| 4. | Který z našich mobilních operá... | Vodafone | 1 | |
| 5. | Zkrácená sezona formule 1 už m... | Rakousko | 1 | |
| 6. | Napište výraz čítající osm pís... | nanismus | 0 | |
| 7. | Tohoto muže nejvíce proslavila... | Peter Dinklage | 1 | |
| 8. | Mezi hlavní postavy Pevnosti B... | Paklíč a Pačes | 1 | |
| 9. | Příběh o Sněhurce jistě nemusí... | Prófa, Štístko | 0.5 | |
| 10. | Nejznámější trpasličí planetou... | Hydra | 0 |